Catalog

Record Details

Catalog Search



Pohled do překladatelské dílny = = Übersetzern in die Werkstatt geschaut /  Andreas Holzhausen ; překlad: Ilona Rucká Cover Image Book Book

Pohled do překladatelské dílny = = Übersetzern in die Werkstatt geschaut /  Andreas Holzhausen ; překlad: Ilona Rucká

Holzhausen, Andreas (Author). Rucká, Ilona (Added Author).

Record details

  • Physical Description: 88 s.
  • Publisher: Příbor :  František Pavelka ,  1999

Available copies

  • 3 of 3 copies available at Common Catalog SPOK.

Holds

  • 0 current holds with 3 total copies.
Show Only Available Copies
Location Call Number / Copy Notes Barcode Shelving Location Status Due Date
ETS Library 266 424470010190 Volný výběr Available -
ETS Library 266 424470018668 Volný výběr Available -
ETS Library 266 424470018669 Volný výběr Available -

LDR 00841nam a2 00265
00144583
003CZ-PrJAB
00520210618111723.0
008011115s1999 xr e |||| |cze
009cz
035 . ‡a(CONS)7127
035 . ‡aKPS10124
040 . ‡aABG450
041 . ‡acze
08214. ‡a266
100 . ‡74644 ‡aHolzhausen, Andreas
245 . ‡aPohled do překladatelské dílny = ‡b= Übersetzern in die Werkstatt geschaut /  ‡nAndreas Holzhausen ; překlad: Ilona Rucká
260 . ‡aPříbor :  ‡bFrantišek Pavelka ,  ‡c1999
300 . ‡a88 s.
653 . ‡aPohled do překladatelské dílny
700 . ‡74645 ‡aRucká, Ilona
8524 . ‡bETS ‡bETS ‡cVolný výběr ‡j266 ‡gA ‡p424470010190
8524 . ‡bETS ‡bETS ‡cVolný výběr ‡j266 ‡gA ‡p424470010189
8524 . ‡bETS ‡bETS ‡cVolný výběr ‡j266 ‡gA ‡p424470005841
910 . ‡aABG450
999 . ‡a7127 ‡bAUTOGEN ‡c7127 ‡tbiblio
905 . ‡uadmin
901 . ‡a44583 ‡bCZ-PrJAB ‡c44583 ‡tbiblio ‡sets

Additional Resources